| LEADER | 00894nam a2200217 u 4500 | ||
|---|---|---|---|
| 001 | 10111056 | ||
| 003 | GR-PaULI | ||
| 005 | 20210128083652.0 | ||
| 008 | 131224s2000 gr f p gre | ||
| 952 | |0 0 |1 0 |2 ddc |4 0 |6 889_134000000000000_ΧΙΟ |7 0 |9 322805 |a LISP |b LISP |c DON |d 2021-01-28 |e ΓΑΛ |i 145491 |l 0 |o 889.134 ΧΙΟ |p 025000271661 |r 2021-01-28 00:00:00 |t 1 |w 2021-01-28 |y BKN | ||
| 999 | |c 181450 |d 181450 | ||
| 020 | |a 9602115114 | ||
| 040 | |a GR-PaULI |c GR-PaULI |b gre |e AACR2 | ||
| 082 | 0 | 4 | |a 889.134 |2 23 |
| 100 | 1 | |9 79033 |a Χιόνης, Αργύρης, |d 1943-2011 |e συγγραφέας. | |
| 245 | 1 | 0 | |a Τότε που η σιωπή τραγούδησε και άλλα ασήμαντα περιστατικά / |b |c Αργύρης Χιόνης. |
| 260 | |a Αθήνα : |b Νεφέλη, |c 2000. | ||
| 300 | |a 66 σ. ; |c 21 εκ. | ||
| 655 | 4 | |a Ποίηση | |
| 942 | |2 ddc |c BKN | ||
| 998 | |c ΜΠΟΥΡΑΣ |d 2021-01 | ||